[Event "Qatar Masters Open 2024"]
[Site "Doha QAT"]
[Date "2024.12.06"]
[Round "4.35"]
[White "Ayush, Sharma"]
[Black "Tissir, Mohamed"]
[Result "1-0"]
[WhiteTitle "IM"]
[BlackTitle "IM"]
[WhiteElo "2466"]
[BlackElo "2342"]
[WhiteFideId "45010943"]
[BlackFideId "9000240"]
[EventDate "2024.12.03"]

1. e4 c5 2. Nf3 d6 3. d4 cxd4 4. Nxd4 Nf6 5. Nc3 a6 6. Bd3 e6 7. f4 Nbd7 8. Be3
b5 9. a3 Bb7 10. O-O Rc8 11. f5 e5 12. Nb3 Be7 13. Qf3 O-O 14. Rad1 Rxc3 15.
bxc3 Qc7 16. Kh1 Rc8 17. Nd2 d5 18. exd5 Bxd5 19. Ne4 Qb7 20. Nxf6+ Bxf6 21. Qg3
Rxc3 22. Bg5 e4 23. Bxf6 Nxf6 24. Qe5 Rc8 25. Be2 h6 26. c3 e3 27. Bf3 Bxf3 28.
Rxf3 Ng4 29. Qg3 Nf2+ 30. Rxf2 exf2 31. f6 g6 32. Qxf2 Qc6 33. Rd3 Re8 34. h3
Re6 35. Rd8+ Kh7 36. Rf8 Qc7 37. Qh4 h5 38. Qf2 Rd6 39. Qf1 Qd7 40. Qf4 Rd1+ 41.
Kh2 Qd6 42. Rxf7+ Kg8 43. Qxd6 Rxd6 44. Rg7+ Kf8 45. Rxg6 Rc6 46. Rh6 Rxc3 47.
Rxh5 Rxa3 48. Rh7 Ra2 49. Rb7 Rb2 50. h4 a5 51. h5 Rb4 52. Kg3 Rb1 53. Kh4 a4
54. Kg5 Rb3 55. g4 1-0

[Event "Qatar Masters Open 2024"]
[Site "Doha QAT"]
[Date "2024.12.06"]
[Round "4.36"]
[White "Suyarov, Mukhammadzokhid"]
[Black "Moosavifar, Seyed Abolfazl"]
[Result "1/2-1/2"]
[WhiteTitle "IM"]
[BlackTitle "FM"]
[WhiteElo "2466"]
[BlackElo "2308"]
[WhiteFideId "14210495"]
[BlackFideId "42548195"]
[EventDate "2024.12.03"]

1. e4 e5 2. Nf3 Nc6 3. Bb5 a6 4. Ba4 Nf6 5. O-O Nxe4 6. d4 b5 7. Bb3 d5 8. dxe5
Be6 9. c3 Be7 10. Nbd2 Nc5 11. Bc2 d4 12. Nb3 d3 13. Bb1 Nxb3 14. axb3 Bf5 15.
b4 O-O 16. h3 Qd7 17. Bf4 Rfd8 18. Re1 a5 19. bxa5 Rxa5 20. Rxa5 Nxa5 21. Nd4 c5
22. e6 fxe6 23. Nxf5 exf5 24. Qxd3 Qxd3 25. Bxd3 Rxd3 26. Rxe7 Nc4 27. b3 Na5
28. Rc7 Rd5 29. Rc8+ Kf7 30. Rb8 c4 31. b4 Nb3 32. Rb7+ Kf6 33. Kh2 h6 34. h4
Nd2 35. Rb6+ Ke7 36. Bxd2 Rxd2 37. Rxb5 Rd3 38. Rxf5 Rxc3 39. Rc5 Kf7 40. g4 Rc2
41. Kg3 c3 42. Rc7+ Kg6 43. f4 Rc1 44. Rc6+ Kh7 45. g5 hxg5 46. hxg5 c2 47. Kg2
g6 48. Rc7+ Kg8 49. b5 Rb1 50. Rxc2 Rxb5 51. Kf3 Rb4 52. Rc7 Kf8 53. Ke3 Ra4 54.
Rd7 Rb4 55. Rd4 Rb7 56. Rd6 Kf7 57. Ke4 Ra7 58. Ke5 Re7+ 59. Kd5 Ra7 60. Rc6
Rd7+ 61. Rd6 Ra7 62. Rf6+ Kg7 63. Ke4 Ra4+ 64. Kf3 Ra3+ 65. Kg4 Ra7 66. Rc6 Ra3 1/2-1/2

[Event "Qatar Masters Open 2024"]
[Site "Doha QAT"]
[Date "2024.12.06"]
[Round "4.37"]
[White "Swayams, Mishra"]
[Black "Adireddy, Arjun"]
[Result "1/2-1/2"]
[WhiteTitle "GM"]
[BlackTitle "FM"]
[WhiteElo "2456"]
[BlackElo "2336"]
[WhiteFideId "5028183"]
[BlackFideId "25647709"]
[EventDate "2024.12.03"]

1. d4 Nf6 2. c4 e6 3. Nc3 Bb4 4. e3 O-O 5. Bd3 Bxc3+ 6. bxc3 d6 7. Nf3 Re8 8.
O-O e5 9. dxe5 dxe5 10. Nxe5 Qe7 11. Nf3 Bg4 12. Qc2 c5 13. e4 Bxf3 14. gxf3 Nh5
15. Kh1 Nc6 16. Rg1 Ne5 17. Be2 Qh4 18. Bg5 Qh3 19. Qd1 f6 20. Be3 Rad8 21. Qf1
Qh4 22. Bxc5 Nf4 23. Be3 b6 24. Rg3 Rd6 25. Rd1 Rde6 26. c5 bxc5 27. Bxc5 f5 28.
Rd6 Nxe2 29. Qxe2 f4 30. Rg2 Qh5 31. Rxe6 Rxe6 32. Bd4 Nxf3 33. Bxg7 Rg6 34.
Qc4+ Kxg7 35. Qc7+ Kg8 36. Qb8+ Kf7 37. Qxa7+ Kg8 38. Qb8+ Kg7 39. Qc7+ Kg8 40.
Qb8+ Kg7 41. Qc7+ Kg8 42. Qb8+ Kg7 43. Qc7+ 1/2-1/2

[Event "Qatar Masters Open 2024"]
[Site "Doha QAT"]
[Date "2024.12.06"]
[Round "4.38"]
[White "Ajay Santhosh Parvathareddy"]
[Black "Garifullina, Leya"]
[Result "1-0"]
[WhiteTitle "FM"]
[BlackTitle "IM"]
[WhiteElo "2299"]
[BlackElo "2451"]
[WhiteFideId "25998676"]
[BlackFideId "34127035"]
[EventDate "2024.12.03"]

1. d4 Nf6 2. c4 e6 3. g3 d5 4. Bg2 Bb4+ 5. Nd2 O-O 6. Nf3 b6 7. O-O Bb7 8. Ne5
a5 9. a3 Be7 10. b3 Nbd7 11. Bb2 Nxe5 12. dxe5 Nd7 13. cxd5 Bxd5 14. Bxd5 exd5
15. Nf3 Nc5 16. Nd4 Qd7 17. Qc2 f6 18. b4 fxe5 19. bxc5 exd4 20. Bxd4 Qg4 21.
Rad1 b5 22. c6 Qg6 23. Qxg6 hxg6 24. Be5 Bxa3 25. Rxd5 b4 26. Bxc7 a4 27. Be5 b3
28. Rd7 Rf7 29. Rb7 Bc5 30. Kg2 Re7 31. f4 Rf8 32. c7 Ree8 33. Rb8 Rc8 34. Ra1
Rxb8 35. cxb8=Q Rxb8 36. Bxb8 a3 37. Be5 Bd6 38. Bb2 axb2 39. Rb1 g5 40. Rxb2
gxf4 41. g4 Kf7 42. h4 Be7 43. h5 g6 44. hxg6+ Kxg6 45. Kf3 Bf6 46. Rxb3 Be5 47.
Rb6+ Kg5 48. Rb5 Kf6 49. g5+ Ke6 50. Rxe5+ 1-0

[Event "Qatar Masters Open 2024"]
[Site "Doha QAT"]
[Date "2024.12.06"]
[Round "4.39"]
[White "Zou, Chen"]
[Black "Jin, Yueheng"]
[Result "1-0"]
[WhiteTitle "IM"]
[BlackTitle "IM"]
[WhiteElo "2449"]
[BlackElo "2309"]
[WhiteFideId "8610959"]
[BlackFideId "8616868"]
[EventDate "2024.12.03"]

1. d4 Nf6 2. c4 e6 3. Nc3 Bb4 4. e3 O-O 5. Bd3 d5 6. a3 Bxc3+ 7. bxc3 dxc4 8.
Bxc4 c5 9. Ne2 Qc7 10. Bd3 Nc6 11. O-O e5 12. Bb2 Rd8 13. Rc1 Be6 14. h3 Na5 15.
Re1 e4 16. Bc2 Qb6 17. Ba1 Nc4 18. Ng3 Bd5 19. a4 Qe6 20. Ne2 Qa6 21. Nf4 Bc6
22. Bb3 Na5 23. c4 Nxb3 24. Qxb3 Qxa4 25. Qb1 Qb4 26. d5 Qxb1 27. Rxb1 Ba4 28.
Bxf6 gxf6 29. Rxb7 Rdb8 30. Rxb8+ Rxb8 31. Ra1 Rb4 32. d6 Rxc4 33. Nd5 1-0

[Event "Qatar Masters Open 2024"]
[Site "Doha QAT"]
[Date "2024.12.06"]
[Round "4.40"]
[White "Ankit Ray"]
[Black "Shyaam Nikhil P"]
[Result "0-1"]
[WhiteTitle "FM"]
[BlackTitle "GM"]
[WhiteElo "2320"]
[BlackElo "2445"]
[WhiteFideId "25770624"]
[BlackFideId "5024218"]
[EventDate "2024.12.03"]

1. Nf3 Nf6 2. g3 b5 3. Bg2 Bb7 4. Na3 a6 5. c4 b4 6. Nc2 e6 7. O-O a5 8. d4 Na6
9. d5 Nc5 10. Nh4 Be7 11. Qd4 O-O 12. Ne1 d6 13. dxe6 fxe6 14. Qd1 Nfd7 15. Nhf3
Bf6 16. Nd3 Qe8 17. h4 Rb8 18. Nxc5 Nxc5 19. Nd4 Qg6 20. Bxb7 Bxd4 21. Qxd4 Rxb7
22. b3 Ne4 23. Bb2 c5 24. Qe3 Rbf7 25. Rad1 Nxf2 26. Rde1 Qg4 0-1

[Event "Qatar Masters Open 2024"]
[Site "Doha QAT"]
[Date "2024.12.06"]
[Round "4.41"]
[White "Pham Tran Gia Phuc"]
[Black "Manish Anto, Cristiano F"]
[Result "1/2-1/2"]
[WhiteTitle "IM"]
[BlackTitle "IM"]
[WhiteElo "2445"]
[BlackElo "2296"]
[WhiteFideId "12415669"]
[BlackFideId "25095927"]
[EventDate "2024.12.03"]

1. d4 Nf6 2. c4 e6 3. Nc3 Bb4 4. Qc2 O-O 5. e4 d5 6. e5 Ne4 7. Bd3 c5 8. a3
Bxc3+ 9. bxc3 cxd4 10. cxd4 Nc6 11. Ne2 Qa5+ 12. Kf1 f6 13. Bxe4 dxe4 14. exf6
Rxf6 15. Be3 Bd7 16. Ng3 Raf8 17. Nxe4 Rg6 18. f3 Qh5 19. Qf2 Na5 20. Ng3 Qh4
21. Ne2 Qe7 22. Nf4 Rg5 23. Nd3 Rgf5 24. Ne5 Nxc4 25. Nxc4 Bb5 26. Qe2 Rc8 27.
Rc1 Qc7 28. Kf2 Bxc4 29. Qd2 b5 30. h4 Rcf8 31. Qc3 a6 32. a4 Qb7 33. Rh3 Bd5
34. axb5 axb5 35. Bd2 b4 36. Qxb4 Bxf3 37. Qxb7 Bxb7+ 38. Ke3 Bxg2 39. Rg3 Bd5
40. Bb4 Rf3+ 41. Rxf3 Rxf3+ 42. Ke2 h6 43. Rc8+ Kh7 44. Rf8 Rf5 45. Be7 Kg6 46.
Ke3 Rh5 47. Rf4 e5 48. Rg4+ Kf7 49. Bd6 e4 50. Rf4+ Kg8 51. Rf8+ Kh7 52. Rf4 Bc6
53. Be5 Bd5 54. Bd6 Bc6 1/2-1/2

[Event "Qatar Masters Open 2024"]
[Site "Doha QAT"]
[Date "2024.12.06"]
[Round "4.42"]
[White "Jain, Kashish Manoj"]
[Black "Mamedov, Edgar"]
[Result "0-1"]
[WhiteTitle "FM"]
[BlackTitle "IM"]
[WhiteElo "2308"]
[BlackElo "2441"]
[WhiteFideId "35081098"]
[BlackFideId "13739980"]
[EventDate "2024.12.03"]

1. e4 c5 2. Nf3 Nc6 3. Bb5 e6 4. Bxc6 bxc6 5. d3 Ne7 6. h4 d6 7. h5 e5 8. c3 Bg4
9. Qa4 Qc7 10. Nbd2 Ng8 11. Nc4 h6 12. Ne3 Bd7 13. Nh4 Nf6 14. Qd1 d5 15. Nef5
O-O-O 16. Qe2 c4 17. dxc4 dxe4 18. Be3 Be6 19. O-O Rd3 20. Ng3 Qd7 21. b3 Be7
22. Bc1 Bg4 23. f3 exf3 24. Nxf3 Bc5+ 25. Kh1 e4 26. Nxe4 Bxf3 27. Rxf3 Rd1+ 28.
Kh2 Bg1+ 29. Kg3 Qg4# 0-1

[Event "Qatar Masters Open 2024"]
[Site "Doha QAT"]
[Date "2024.12.06"]
[Round "4.43"]
[White "Sahib, Singh"]
[Black "Vignesh Advaith Vemula"]
[Result "1/2-1/2"]
[WhiteTitle "FM"]
[WhiteElo "2438"]
[BlackElo "2276"]
[WhiteFideId "25618342"]
[BlackFideId "25792059"]
[EventDate "2024.12.03"]

1. e4 c5 2. Nf3 d6 3. d4 cxd4 4. Nxd4 Nf6 5. Nc3 a6 6. Bg5 e6 7. f4 Be7 8. Qf3
Qc7 9. O-O-O Nbd7 10. g4 h6 11. Bxf6 Bxf6 12. h4 Nb6 13. g5 Bxd4 14. Rxd4 Qc5
15. Qd3 hxg5 16. b4 Qc7 17. fxg5 Bd7 18. Rxd6 Nc8 19. Rd4 Nb6 20. Rd6 Nc8 21.
Rd4 Nb6 22. Rd6 Nc8 1/2-1/2

[Event "Qatar Masters Open 2024"]
[Site "Doha QAT"]
[Date "2024.12.06"]
[Round "4.44"]
[White "Klukin, Kirill"]
[Black "Kunal, M."]
[Result "0-1"]
[WhiteTitle "IM"]
[BlackTitle "FM"]
[WhiteElo "2413"]
[BlackElo "2292"]
[WhiteFideId "24199273"]
[BlackFideId "5018250"]
[EventDate "2024.12.03"]

1. d4 d5 2. c4 e6 3. Nc3 Nf6 4. cxd5 exd5 5. Bg5 c6 6. Qc2 h6 7. Bh4 Be7 8. e3
O-O 9. Bd3 Ne8 10. Bg3 a5 11. Nf3 Na6 12. a3 Be6 13. O-O Nd6 14. Ne5 Re8 15.
Rad1 Rc8 16. Na4 b5 17. Nc5 Nxc5 18. dxc5 Nc4 19. Nxc4 bxc4 20. Bxc4 dxc4 21.
Rxd8 Rexd8 22. Qa4 Bf6 23. Qxa5 Bxb2 24. Qb4 Bf6 25. Bd6 Rd7 26. Qa4 Rb7 27. e4
Bb2 28. f4 f5 29. Qa6 Bd4+ 30. Kh1 Rb2 31. h3 c3 32. Rc1 Rd2 33. Kh2 fxe4 34. f5
Bxf5 35. Qc4+ Kh7 36. Rxc3 Bxc3 37. Qxc3 Rd3 38. Qe5 Bg6 39. Qe7 Re8 40. Qc7 e3
41. Be5 Rg8 42. Qe7 Rdd8 43. Bc3 Rde8 44. Qd6 e2 45. Be1 Rd8 46. Qg3 Rgf8 47.
Qg4 Rde8 48. Qd4 Rf1 49. Qd2 Kh8 50. a4 Rxe1 51. Qxe1 Bd3 52. g4 Ba6 53. g5 hxg5
54. h4 gxh4 55. Qxh4+ Kg8 56. Qe1 Re5 57. Kg2 Rg5+ 58. Kh3 Re5 59. Kg4 Re6 60.
Kg5 Re4 61. Kf5 Bd3 62. Kg5 Re5+ 63. Kg4 Ba6 64. Kg3 Re8 65. Kg4 Re7 66. Kg5 Re6
67. Kg4 Bd3 68. Kg5 Bc2 69. a5 Bd3 70. Kg4 Bb5 71. Kg5 Re5+ 72. Kg4 Re6 73. Kg5
Ba6 74. Kg4 Bd3 75. Kg5 Rg6+ 76. Kh5 Rf6 77. a6 Rf1 78. a7 Rxe1 79. a8=Q+ Kh7
80. Qd8 Rd1 0-1

[Event "Qatar Masters Open 2024"]
[Site "Doha QAT"]
[Date "2024.12.06"]
[Round "4.45"]
[White "Vantika, Agrawal"]
[Black "George Samir, David"]
[Result "0-1"]
[WhiteTitle "IM"]
[BlackTitle "FM"]
[WhiteElo "2392"]
[BlackElo "2272"]
[WhiteFideId "25050389"]
[BlackFideId "10657789"]
[EventDate "2024.12.03"]

1. d4 Nf6 2. c4 e6 3. Nf3 d5 4. Nc3 Bb4 5. Bg5 dxc4 6. e4 h6 7. Bxf6 Qxf6 8.
Bxc4 c5 9. O-O cxd4 10. Nb5 Qe7 11. Qxd4 O-O 12. Nxa7 Bc5 13. Nxc8 Rxc8 14. Qd3
Nc6 15. Qe2 Nd4 16. Nxd4 Bxd4 17. Bb3 Rc5 18. g3 Rac8 19. Kg2 Kh8 20. Rad1 e5
21. h4 Qd7 22. Rd3 Rc1 23. Rxc1 Rxc1 24. Rf3 f6 25. Qd2 Rc8 26. Bd5 b6 27. Qe2
Qc7 28. Qb5 Qc2 29. b4 Qc7 30. a4 Qa7 31. g4 Qe7 32. a5 bxa5 33. bxa5 f5 34.
gxf5 Qxh4 35. Qd7 Rd8 36. Qf7 Bxf2 37. Rh3 Qg4+ 38. Kxf2 Qxh3 39. a6 Rc8 40. Bc4
Qh4+ 41. Kg1 Qg3+ 42. Kf1 Qf3+ 43. Kg1 Qe3+ 44. Kh2 Qd2+ 45. Kg3 Qc3+ 46. Kh4
Qxc4 47. Qb7 Qc6 0-1

[Event "Qatar Masters Open 2024"]
[Site "Doha QAT"]
[Date "2024.12.06"]
[Round "4.46"]
[White "Aradhya, Garg"]
[Black "Prraneeth, Vuppala"]
[Result "1-0"]
[WhiteTitle "IM"]
[BlackTitle "GM"]
[WhiteElo "2365"]
[BlackElo "2461"]
[WhiteFideId "25006746"]
[BlackFideId "46622373"]
[EventDate "2024.12.03"]

1. d4 Nf6 2. c4 e6 3. Nc3 d5 4. cxd5 exd5 5. Bg5 c6 6. e3 h6 7. Bh4 Be7 8. Bd3
O-O 9. Bg3 Bg4 10. Nf3 Nbd7 11. h3 Bh5 12. Qc2 Bxf3 13. gxf3 b5 14. O-O Nh5 15.
Bh2 Rc8 16. Kh1 g6 17. Rg1 Ng7 18. Rg2 Re8 19. Rag1 Nf8 20. Be5 Bf6 21. f4 Bxe5
22. fxe5 Kh8 23. f4 f5 24. Bxf5 Nxf5 25. Qxf5 Rc7 26. Qg4 Rf7 27. f5 h5 28. Qf4
Qc8 29. f6 Qxh3+ 30. Rh2 Qd7 31. Qg5 Rh7 32. Ne2 h4 33. Nf4 h3 34. Rg3 1-0

[Event "Qatar Masters Open 2024"]
[Site "Doha QAT"]
[Date "2024.12.06"]
[Round "4.47"]
[White "Mammadzada, Gunay"]
[Black "Omonov, Asrorjon"]
[Result "1/2-1/2"]
[WhiteTitle "IM"]
[BlackTitle "FM"]
[WhiteElo "2421"]
[BlackElo "2360"]
[WhiteFideId "13403729"]
[BlackFideId "14212552"]
[EventDate "2024.12.03"]

1. e4 e5 2. Nf3 Nc6 3. Bb5 f5 4. d3 fxe4 5. dxe4 Nf6 6. Qe2 d6 7. h3 Be7 8. Nc3
a6 9. Bd3 O-O 10. Be3 Qe8 11. O-O Kh8 12. a3 Nd8 13. Nd5 Ne6 14. Nxe7 Qxe7 15.
Ng5 h6 16. Nxe6 Bxe6 17. f4 exf4 18. Bxf4 Nd7 19. Qh5 Rf6 20. Bd2 Rxf1+ 21. Rxf1
Rf8 22. Rxf8+ Qxf8 23. Ba5 c6 24. Bc3 Kg8 25. Qg6 Bf7 26. Qg3 Be6 27. Bd2 Kh8
28. Bf4 d5 29. exd5 Bxd5 30. Qg6 Bg8 31. Bd6 Qd8 32. Kh1 Nf6 33. Be5 Qf8 34. Qg3
Qe7 35. Bd6 Qf7 36. Be5 Nd7 37. Bd4 Bh7 38. Bc4 Qf8 39. Be6 Nf6 40. Bxf6 gxf6
41. c4 Bg8 42. Bxg8 Qxg8 43. Qf4 Kg7 44. Qg3+ Kh7 45. Qd3+ Qg6 1/2-1/2

[Event "Qatar Masters Open 2024"]
[Site "Doha QAT"]
[Date "2024.12.06"]
[Round "4.48"]
[White "Munguntuul, Batkhuyag"]
[Black "Begmuratov, Khumoyun"]
[Result "0-1"]
[WhiteTitle "IM"]
[BlackTitle "IM"]
[WhiteElo "2342"]
[BlackElo "2416"]
[WhiteFideId "4900758"]
[BlackFideId "14210207"]
[EventDate "2024.12.03"]

1. e4 c5 2. Nf3 d6 3. d4 cxd4 4. Nxd4 Nf6 5. Nc3 a6 6. Be3 e5 7. Nf3 Be7 8. Bc4
O-O 9. O-O Nc6 10. Qe2 Na5 11. Bb3 Nxb3 12. cxb3 h6 13. h3 b5 14. Rfd1 Qc7 15.
b4 Be6 16. Nh2 Qb7 17. Bd2 Nd7 18. Qh5 Kh7 19. f4 f5 20. fxe5 Nxe5 21. Nf3 Bf7
22. Qxf5+ Bg6 23. Qe6 Rf6 24. Qd5 Qa7+ 25. Kh1 Rxf3 26. gxf3 Bf7 27. Nxb5 axb5
28. Qxb5 Bc4 29. Qa5 Qf2 30. Qxa8 Be2 31. Qa3 Bxf3+ 32. Qxf3 Nxf3 33. Bf4 Nh4 0-1

[Event "Qatar Masters Open 2024"]
[Site "Doha QAT"]
[Date "2024.12.06"]
[Round "4.49"]
[White "Ahmad, Khagan"]
[Black "Baradaran Tamadon, Arian"]
[Result "1-0"]
[WhiteTitle "IM"]
[BlackTitle "FM"]
[WhiteElo "2403"]
[BlackElo "2334"]
[WhiteFideId "13431552"]
[BlackFideId "12595837"]
[EventDate "2024.12.03"]

1. e4 c6 2. d4 d5 3. exd5 cxd5 4. Bd3 Nc6 5. c3 e6 6. Bf4 Bd6 7. Bxd6 Qxd6 8.
Nf3 Nge7 9. O-O O-O 10. Re1 f6 11. Nbd2 Bd7 12. b4 Rac8 13. b5 Na5 14. Nb3 Nc4
15. Nc5 Rxc5 16. dxc5 Qxc5 17. Qb1 Kf7 18. Bxc4 Qxc4 19. a4 Rc8 20. Nd2 Qxc3 21.
Nf3 Nf5 22. Rc1 Qxc1+ 23. Qxc1 Rxc1+ 24. Rxc1 Ke7 25. Rc7 Nd6 26. Nd2 Kd8 27.
Rc1 g5 28. g3 g4 29. h3 h5 30. hxg4 hxg4 31. Kg2 e5 32. Rh1 Bf5 33. Rh8+ Kc7 34.
Rf8 Bc2 35. Rxf6 Bxa4 36. f3 Bxb5 37. fxg4 Kd7 38. Nf3 Ke7 39. g5 Nf7 40. Rg6
Kf8 41. Rf6 Ke7 42. Rg6 Bc6 43. Rg8 d4 44. Kf2 Be4 45. Nh4 Bc2 46. g4 Nd6 47. g6
d3 48. Nf3 Bb3 49. Rh8 Kf6 50. g5+ Kxg6 51. Rh6+ 1-0

[Event "Qatar Masters Open 2024"]
[Site "Doha QAT"]
[Date "2024.12.06"]
[Round "4.50"]
[White "Jani, Kushal R"]
[Black "Socko, Monika"]
[Result "1-0"]
[BlackTitle "GM"]
[WhiteElo "2326"]
[BlackElo "2402"]
[WhiteFideId "25679988"]
[BlackFideId "1106619"]
[EventDate "2024.12.03"]

1. d4 Nf6 2. c4 e6 3. Nf3 b6 4. a3 Bb7 5. Nc3 d5 6. cxd5 Nxd5 7. e3 Be7 8. Bb5+
c6 9. Bd3 Nxc3 10. bxc3 O-O 11. O-O c5 12. Bb2 Nc6 13. Qc2 h6 14. e4 Rc8 15. Qe2
cxd4 16. cxd4 Na5 17. Rad1 Qc7 18. Ne5 Bd6 19. Ng4 Rfd8 20. d5 h5 21. e5 Bc5 22.
Qe4 Bxd5 23. Qh7+ Kf8 24. Qxh5 Ke8 25. Bc3 Qe7 26. Bxa5 bxa5 27. Bb5+ Bc6 28.
Bxc6+ Rxc6 29. Qh7 Qg5 30. Qg8+ Bf8 31. Nf6+ gxf6 32. Rxd8+ Kxd8 33. Qxf8+ Kc7
34. Qxf7+ Kb6 35. Rb1+ Kc5 36. Qxa7+ Kc4 37. Qxa5 Kd3 38. Rd1+ Kc4 39. Qb4# 1-0

[Event "Qatar Masters Open 2024"]
[Site "Doha QAT"]
[Date "2024.12.06"]
[Round "4.51"]
[White "Nazari, Arad"]
[Black "Abdulla, Murad"]
[Result "1-0"]
[WhiteTitle "IM"]
[BlackTitle "FM"]
[WhiteElo "2401"]
[BlackElo "2321"]
[WhiteFideId "12577324"]
[BlackFideId "2403757"]
[EventDate "2024.12.03"]

1. e4 c5 2. Nf3 d6 3. d4 cxd4 4. Nxd4 Nf6 5. Nc3 g6 6. Be3 Bg7 7. f3 a6 8. Qd2
h5 9. Bc4 Nbd7 10. O-O-O Qc7 11. Bb3 b5 12. h3 Nb6 13. e5 Nfd7 14. exd6 Qxd6 15.
Qe2 Qc7 16. Bg5 Nc5 17. Bxe7 Nxb3+ 18. axb3 Be6 19. Nxe6 fxe6 20. Bd6 Qf7 21.
Rhe1 O-O-O 22. Qxe6+ Qxe6 23. Rxe6 g5 24. Bb4 Rxd1+ 25. Nxd1 Nd5 26. Bd2 Rh6 27.
Rxh6 Bxh6 28. Nc3 Nxc3 29. bxc3 Bg7 30. Bxg5 Bxc3 31. Bd2 Bf6 32. g4 hxg4 33.
fxg4 Bh4 34. Kb2 Kc7 35. Kc3 a5 36. Kd4 a4 37. bxa4 bxa4 38. Kc4 1-0

[Event "Qatar Masters Open 2024"]
[Site "Doha QAT"]
[Date "2024.12.06"]
[Round "4.52"]
[White "Heinemann, Josefine"]
[Black "Abdurakhmonov, Mukhammadali"]
[Result "1/2-1/2"]
[WhiteTitle "WGM"]
[BlackTitle "IM"]
[WhiteElo "2305"]
[BlackElo "2395"]
[WhiteFideId "12900460"]
[BlackFideId "14207346"]
[EventDate "2024.12.03"]

1. c4 e6 2. g3 d5 3. Bg2 Nf6 4. Nf3 dxc4 5. Qa4+ Nbd7 6. Qxc4 a6 7. Qc2 c5 8.
Nc3 Ra7 9. O-O b6 10. d4 Bb7 11. e4 cxd4 12. Nxd4 Be7 13. Rd1 Qa8 14. Be3 O-O
15. f3 Qb8 16. Rac1 Rc8 17. Nb3 Bc6 18. Qe2 e5 19. Bh3 Bf8 20. Rd2 Ra8 21. Rdc2
Qb7 22. Qf2 a5 23. a4 Bb4 24. Nb5 Bxb5 25. axb5 a4 26. Rxc8+ Rxc8 27. Rxc8+ Qxc8
28. Nc1 Bc5 29. Bxc5 Qxc5 30. Qxc5 Nxc5 31. Kf2 Ne8 32. Bf1 Kf8 33. Na2 Ke7 34.
Nc3 Nc7 35. Ke3 g6 36. Bd3 Kd6 37. Bc2 Nd7 38. Bd3 Kc5 39. Nxa4+ Kb4 40. Nc3 Kb3
41. f4 f6 42. Bf1 exf4+ 43. gxf4 Kxb2 44. Nd5 Nxd5+ 45. exd5 Kc3 46. d6 f5 47.
Bg2 Kc4 48. Bc6 Nf8 49. Be8 Kc5 50. d7 Ne6 51. Bf7 Nd8 52. Bg8 Kxb5 53. Bxh7 Kc6
54. Bxg6 Kxd7 55. Bxf5+ Ke7 56. Kd4 Kf6 57. Bg4 Nc6+ 58. Kc4 Ne5+ 59. fxe5+ Kxe5 1/2-1/2

[Event "Qatar Masters Open 2024"]
[Site "Doha QAT"]
[Date "2024.12.06"]
[Round "4.53"]
[White "Sriansh Das"]
[Black "Amartuvshin, Ganzorig"]
[Result "1/2-1/2"]
[BlackTitle "IM"]
[WhiteElo "2315"]
[BlackElo "2392"]
[WhiteFideId "45030081"]
[BlackFideId "4902548"]
[EventDate "2024.12.03"]

1. e4 e5 2. Nf3 Nc6 3. Bc4 Nf6 4. d3 Bc5 5. Nc3 a6 6. a4 d6 7. Be3 Bxe3 8. fxe3
O-O 9. O-O Be6 10. Bxe6 fxe6 11. d4 exd4 12. exd4 e5 13. d5 Ne7 14. Ng5 Qd7 15.
Ne6 Rf7 16. Ng5 Rff8 17. Ne6 Rf7 18. Ng5 Rff8 19. Ne6 Rf7 1/2-1/2

[Event "Qatar Masters Open 2024"]
[Site "Doha QAT"]
[Date "2024.12.06"]
[Round "4.54"]
[White "Zhukova, Natalia"]
[Black "Ashraf, Artin"]
[Result "0-1"]
[WhiteTitle "GM"]
[BlackTitle "FM"]
[WhiteElo "2302"]
[BlackElo "2388"]
[WhiteFideId "14101513"]
[BlackFideId "22514805"]
[EventDate "2024.12.03"]

1. d4 Nf6 2. c4 g6 3. f3 Bg7 4. e4 d6 5. Nc3 O-O 6. Bg5 a6 7. Qd2 c5 8. d5 b5 9.
cxb5 axb5 10. Bxb5 Qa5 11. Nge2 Ba6 12. Bxa6 Rxa6 13. O-O Nbd7 14. Kh1 Rb8 15.
Rab1 Ne8 16. h3 Ra7 17. Qc2 Qa6 18. g4 Kf8 19. Kg2 Nc7 20. a4 Rab7 21. b3 Rb6
22. Be3 Qb7 23. h4 Rxb3 24. h5 Rb2 25. Rxb2 Qxb2 26. Qd3 Rb3 27. Bd2 Ne5 28. Qb1
Nc4 0-1

[Event "Qatar Masters Open 2024"]
[Site "Doha QAT"]
[Date "2024.12.06"]
[Round "4.55"]
[White "Bharadia Yash"]
[Black "Omar, Noaman"]
[Result "1-0"]
[WhiteTitle "CM"]
[BlackTitle "IM"]
[WhiteElo "2385"]
[BlackElo "2315"]
[WhiteFideId "45087822"]
[BlackFideId "9300244"]
[EventDate "2024.12.03"]

1. e4 c6 2. d4 d5 3. e5 Bf5 4. h4 h5 5. Bd3 Bxd3 6. Qxd3 e6 7. Nf3 Qa5+ 8. Nbd2
Nh6 9. O-O Nf5 10. Nb3 Qa6 11. Qd1 b6 12. Bg5 c5 13. dxc5 Bxc5 14. Re1 Nc6 15.
c3 Rc8 16. Nxc5 bxc5 17. b3 Rc7 18. Qd2 Qb6 19. Rad1 a5 20. Qf4 Rd7 21. Rd2 Qa6
22. Qa4 O-O 23. g4 hxg4 24. Qxg4 Rb8 25. Kh2 Kf8 26. Qh5 Nce7 27. Qh8+ Ng8 28.
Rg1 f6 29. Bxf6 Rdb7 30. h5 Qc6 31. h6 Nxh6 32. Bxg7+ Rxg7 33. Qxg7+ Ke8 34. Qh7
Kf8 35. Qg7+ Ke8 36. Qg6+ Kd7 37. Qh7+ Ne7 38. Qxh6 Qa8 39. Rg7 Rh8 40. Rh7 Rxh7
41. Qxh7 Qf8 42. Kg2 Qf4 43. Qh4 1-0

[Event "Qatar Masters Open 2024"]
[Site "Doha QAT"]
[Date "2024.12.06"]
[Round "4.56"]
[White "Panda, Sambit"]
[Black "Vaibhav, Jayant Raut"]
[Result "1-0"]
[WhiteTitle "IM"]
[BlackTitle "CM"]
[WhiteElo "2381"]
[BlackElo "2304"]
[WhiteFideId "25091794"]
[BlackFideId "5089034"]
[EventDate "2024.12.03"]

1. d4 Nf6 2. c4 e6 3. Nc3 Bb4 4. e3 O-O 5. Bd3 d5 6. a3 Bxc3+ 7. bxc3 dxc4 8.
Bxc4 c5 9. Ne2 Qc7 10. Ba2 b6 11. O-O Ba6 12. Re1 Nc6 13. Ng3 Rfd8 14. Rb1 Rac8
15. Rb2 e5 16. d5 e4 17. Qa4 Na5 18. c4 Qd7 19. Qc2 Re8 20. Bd2 h5 21. f3 h4 22.
Nxe4 Nxe4 23. fxe4 Nb7 24. Bb1 g6 25. Bc3 Nd6 26. Qf2 Nxe4 27. Bxe4 Rxe4 28. Qf6
Kf8 29. d6 1-0